Acteurs par personnages #2 - Statistiques

Statistiques générales
  • Ce quiz a été pris 887 fois
  • Le résultat moyen est 8 sur 20
Statistiques - réponses
Personnage Acteur % Correct
Forrest Gump Tom Hanks
93%
Katniss Everdeen Jennifer Lawrence
68%
Captain America Chris Evans
65%
Jack Dawson Leonardo DiCaprio
65%
Terminator Arnold Schwarzenegger
60%
Neo Keanu Reeves
60%
Amélie Poulain Audrey Tautou
54%
Ace Ventura Jim Carrey
53%
Dominic Toretto Vin Diesel
49%
Tyler Durden Brad Pitt
47%
Vito Corleone Marlon Brando
46%
Loki Tom Hiddleston
44%
Aragorn Viggo Mortensen
38%
Travis Bickle Robert De Niro
32%
Ellen Ripley Sigourney Weaver
31%
Dark Vador Hayden Christensen
27%
Tommy DeVito Joe Pesci
8%
Dark Vador David Prowse
5%
Dark Vador Sebastian Shaw
4%
Amélie Poulain Flora Guiet
1%
Aucun quiz correspondant
Distribution des résultats
% des personnes avec chaque résultat
Percentile par nombre de réponses
Votre historique - résultats
Vous n’avez pas pris ce quiz